00419nam a2200157Ia 450000500170000000800410001704000190005804100120007708200130008910000180010224500500012026000450017030000160021565000200023185000100025120240419093236.0131103s9999 xx 000 0 und d aLoreto College aEnglish a425bAUG aAugustin, J J aBetter English through practicecJ J Augustin aSingaporebOxford University Pressc1970 axiii,167p.  aEnglish grammer aLCBED